| 000 -LEADER |
| fixed length control field |
00288nam a22001097a 4500 |
| 040 ## - CATALOGING SOURCE |
| Transcribing agency |
SY |
| 082 ## - DEWEY DECIMAL CLASSIFICATION NUMBER |
| Classification number |
1867 |
| 100 ## - MAIN ENTRY--AUTHOR NAME |
| Personal name |
SONGLKLA |
| 245 ## - TITLE STATEMENT |
| Title |
Citrus varieties and their cultivation, ដំណាំក្រូចនិងពូជក្រូច |
| 260 ## - PUBLICATION, DISTRIBUTION, ETC. (IMPRINT) |
| Place of publication |
RUA |
| Name of publisher |
SON |
| Year of publication |
1997 |
| 942 ## - ADDED ENTRY ELEMENTS (KOHA) |
| Koha item type |
សៀវភៅភាសាខ្មែរ |
| 952 ## - LOCATION AND ITEM INFORMATION (KOHA) |
| Withdrawn status [LOCAL, KOHA] |
0 |
| 952 ## - LOCATION AND ITEM INFORMATION (KOHA) |
| Withdrawn status [LOCAL, KOHA] |
0 |
| 952 ## - LOCATION AND ITEM INFORMATION (KOHA) |
| Withdrawn status [LOCAL, KOHA] |
0 |